[Event "New York Marshall GM-B 07"]
[Site "New York"]
[Date "2025.07.13"]
[Round "8"]
[White "Nagy, Gabor"]
[Black "Sheehan, Ethan"]
[Result "1-0"]
[WhiteElo "2463"]
[BlackElo "2366"]
[PlyCount "47"]
[EventDate "2025.07.09"]
[EventType "tourn"]
[EventRounds "9"]
[EventCountry "USA"]
[EventCategory "6"]
[SourceTitle "CB29_2025"]
[SourceDate "2025.07.16"]
[SourceVersion "1"]
[SourceVersionDate "2025.07.16"]
[SourceQuality "1"]

1. Nf3 Nf6 2. c4 e6 3. Nc3 d5 4. d4 Nbd7 5. e3 a6 6. b3 b6 7. Bd3 Bb7 8. 0-0 Bd6 9. Bb2 0-0 10. Rc1 Qe7 11. Qe2 dxc4 12. bxc4 e5 13. e4 exd4 14. Nd5 Bxd5 15. cxd5 Rfe8 16. Nxd4 Nxd5 17. Nf5 Qg5 18. h4 Qg6 19. Qf3 Nb4 20. e5 Bf8 21. Ne7+ Bxe7 22. Bxg6 hxg6 23. Rxc7 Rad8 24. Rd1 1-0

[Event "New York Marshall GM-B 07"]
[Site "New York"]
[Date "2025.07.11"]
[Round "5"]
[White "Sheehan, Ethan"]
[Black "Katz, Alexander Ross"]
[Result "0-1"]
[WhiteElo "2366"]
[BlackElo "2355"]
[PlyCount "76"]
[EventDate "2025.07.09"]
[EventType "tourn"]
[EventRounds "9"]
[EventCountry "USA"]
[EventCategory "6"]
[SourceTitle "CB29_2025"]
[SourceDate "2025.07.16"]
[SourceVersion "1"]
[SourceVersionDate "2025.07.16"]
[SourceQuality "1"]

1. d4 Nf6 2. Nf3 e6 3. Bf4 c5 4. e3 Nc6 5. Nbd2 h6 6. c3 Nh5 7. dxc5 Nxf4 8. exf4 Qc7 9. Ne4 Qxf4 10. Nd6+ Bxd6 11. Qxd6 Qxd6 12. cxd6 b6 13. Bd3 Bb7 14. 0-0-0 g5 15. Rhe1 f6 16. g3 Kf7 17. Re3 Rac8 18. Kb1 Kg7 19. b4 g4 20. Nd2 Ne5 21. Be2 h5 22. Bf1 Nf7 23. c4 f5 24. Rc1 h4 25. c5 hxg3 26. hxg3 bxc5 27. bxc5 Bc6 28. Ra3 Rh2 29. Rxa7 Rxf2 30. Nb3 Kf6 31. Ka1 f4 32. gxf4 g3 33. Nd4 Bd5 34. Ne2 g2 35. Bxg2 Rxg2 36. Nc3 Bc6 37. Na4 Bxa4 38. Rxa4 Nxd6 0-1

[Event "New York Marshall GM-B 07"]
[Site "New York"]
[Date "2025.07.10"]
[Round "4"]
[White "Lin, Bryan Enming"]
[Black "Sheehan, Ethan"]
[Result "1-0"]
[WhiteElo "2302"]
[BlackElo "2366"]
[PlyCount "69"]
[EventDate "2025.07.09"]
[EventType "tourn"]
[EventRounds "9"]
[EventCountry "USA"]
[EventCategory "6"]
[SourceTitle "CB29_2025"]
[SourceDate "2025.07.16"]
[SourceVersion "1"]
[SourceVersionDate "2025.07.16"]
[SourceQuality "1"]

1. e4 c5 2. Nf3 d6 3. d4 cxd4 4. Nxd4 Nf6 5. Nc3 a6 6. h3 e6 7. g4 Nfd7 8. g5 b5 9. a3 Bb7 10. h4 Nc6 11. Be3 Qc7 12. Rh3 Nc5 13. Bg2 Be7 14. f4 Rc8 15. Nxc6 Bxc6 16. Qd4 0-0 17. Rg3 e5 18. Qd2 exf4 19. Bxf4 Ne6 20. 0-0-0 Nxf4 21. Qxf4 a5 22. Qf2 d5 23. exd5 Bc5 24. Qxc5 Qxg3 25. dxc6 Qxg2 26. Nd5 Kh8 27. Ne7 Rce8 28. c7 Qb7 29. h5 b4 30. h6 bxa3 31. bxa3 Qa6 32. hxg7+ Kxg7 33. Nf5+ Kg8 34. Qd4 f6 35. Qd7 1-0

[Event "New York Marshall GM-B 07"]
[Site "New York"]
[Date "2025.07.09"]
[Round "1"]
[White "Plat, Vojtech"]
[Black "Sheehan, Ethan"]
[Result "1/2-1/2"]
[WhiteElo "2487"]
[BlackElo "2366"]
[PlyCount "81"]
[EventDate "2025.07.09"]
[EventType "tourn"]
[EventRounds "9"]
[EventCountry "USA"]
[EventCategory "6"]
[SourceTitle "CB29_2025"]
[SourceDate "2025.07.16"]
[SourceVersion "1"]
[SourceVersionDate "2025.07.16"]
[SourceQuality "1"]

1. d4 d5 2. Nf3 Nf6 3. e3 e6 4. Bd3 b6 5. b3 Bd6 6. 0-0 0-0 7. Bb2 Bb7 8. c4 Nbd7 9. Nbd2 Qe7 10. Qc2 dxc4 11. Nxc4 Bxf3 12. gxf3 h6 13. Rad1 Nd5 14. Nxd6 cxd6 15. Qd2 Qf6 16. f4 Qh4 17. Kh1 f5 18. Rg1 N7f6 19. f3 Kf7 20. Qe1 Qxe1 21. Rgxe1 Rac8 22. a3 g5 23. fxg5 hxg5 24. Kg1 Rh8 25. Rc1 Rcg8 26. e4 Nf4 27. Rc7+ Kg6 28. Bb1 g4 29. exf5+ exf5 30. fxg4 Nxg4 31. Bc1 Nh3+ 32. Kg2 Kf6 33. Ree7 Nxh2+ 34. Kxh2 Ng5+ 35. Kg2 Ne4+ 36. Kf1 Rh1+ 37. Ke2 Rg2+ 38. Kd3 Rh3+ 39. Kc4 Rd3 40. Kxd3 Rg8 41. Ke2 1/2-1/2

[Event "Chicago op 34th"]
[Site "Chicago"]
[Date "2025.05.23"]
[Round "3"]
[White "Sheehan, Ethan"]
[Black "Khanin, Semen"]
[Result "0-1"]
[WhiteElo "2380"]
[BlackElo "2576"]
[PlyCount "84"]
[EventDate "2025.05.22"]
[EventType "swiss"]
[EventRounds "9"]
[EventCountry "USA"]
[SourceTitle "CB23_2025"]
[SourceDate "2025.06.04"]
[SourceVersion "1"]
[SourceVersionDate "2025.06.04"]
[SourceQuality "1"]

1. d4 Nf6 2. Nf3 d5 3. c4 e6 4. Nc3 Be7 5. Bg5 h6 6. Bh4 0-0 7. e3 b6 8. cxd5 Nxd5 9. Bxe7 Qxe7 10. Nxd5 exd5 11. Bd3 Be6 12. 0-0 Nd7 13. Qc2 c5 14. dxc5 bxc5 15. Rfd1 a5 16. h3 a4 17. b3 Qf6 18. Rac1 axb3 19. axb3 Rfb8 20. Nd2 Ra3 21. e4 c4 22. exd5 cxd3 23. Qxd3 Bf5 24. Qe3 Ne5 25. Qf4 Rd8 26. Nc4 Ng6 27. Qg3 Ra2 28. Ne3 Bd7 29. Rc4 h5 30. h4 Rda8 31. d6 Ra1 32. Rxa1 Rxa1+ 33. Kh2 Rb1 34. Rc7 Ne5 35. Rc5 Nd3 36. Nd5 Qxf2 37. Qxf2 Nxf2 38. Ne7+ Kf8 39. Rxh5 Rh1+ 40. Kg3 Ne4+ 41. Kf4 Nxd6 42. Nd5 f6 0-1

[Event "Titled Tuesday intern op 18th Mar Late"]
[Site "Chess.com INT"]
[Date "2025.03.18"]
[Round "1"]
[White "Bochnicka, Vladimir1"]
[Black "Sheehan, Ethan"]
[Result "0-1"]
[WhiteElo "2351"]
[BlackElo "2363"]
[PlyCount "64"]
[EventDate "2025.03.18"]
[EventType "swiss (blitz)"]
[EventRounds "11"]
[EventCountry "USA"]
[SourceTitle "CB13_2025"]
[SourceDate "2025.03.26"]
[SourceVersion "1"]
[SourceVersionDate "2025.03.26"]
[SourceQuality "1"]

1. e4 e5 2. Nf3 Nc6 3. Bc4 Nf6 4. d3 Bc5 5. c3 d6 6. Nbd2 a6 7. Bb3 Ba7 8. Nf1 Be6 9. Ng3 0-0 10. 0-0 h6 11. h3 Re8 12. Bc2 d5 13. Qe2 b5 14. Bb3 a5 15. exd5 Bxd5 16. Bxd5 Qxd5 17. Ne4 Qe6 18. Be3 Bxe3 19. Qxe3 Rad8 20. Rfe1 Nd5 21. Qd2 Nf4 22. d4 Qg6 23. Ng3 Qf6 24. dxe5 Nxe5 25. Rxe5 Rxe5 26. Qxd8+ Qxd8 27. Nxe5 Qd2 28. a4 Qxb2 29. Re1 bxa4 30. Nd7 Ne6 31. f4 Qxc3 32. Re2 Qd4+ 0-1

[Event "Titled Tuesday intern op 18th Mar Late"]
[Site "Chess.com INT"]
[Date "2025.03.18"]
[Round "3"]
[White "Cumpe, Lucas"]
[Black "Sheehan, Ethan"]
[Result "0-1"]
[WhiteElo "2294"]
[BlackElo "2363"]
[PlyCount "94"]
[EventDate "2025.03.18"]
[EventType "swiss (blitz)"]
[EventRounds "11"]
[EventCountry "USA"]
[SourceTitle "CB13_2025"]
[SourceDate "2025.03.26"]
[SourceVersion "1"]
[SourceVersionDate "2025.03.26"]
[SourceQuality "1"]

1. e4 c6 2. d4 d5 3. Nc3 dxe4 4. Nxe4 Nf6 5. Nxf6+ exf6 6. Nf3 Bd6 7. Bd3 0-0 8. 0-0 Bg4 9. h3 Bh5 10. g4 Bg6 11. Re1 Bc7 12. c3 Qd6 13. Bf1 Nd7 14. Bg2 Rfe8 15. Be3 f5 16. Bg5 fxg4 17. hxg4 Be4 18. Kf1 Qg6 19. Qd2 h6 20. Bf4 Bb6 21. g5 hxg5 22. Bxg5 Nf6 23. Ne5 Bxg2+ 24. Kxg2 Qf5 25. Qf4 Qxf4 26. Bxf4 Nd5 27. Bg3 f6 28. Nd3 Kf7 29. Kf1 Rxe1+ 30. Rxe1 Re8 31. Rxe8 Kxe8 32. Ke2 Kf7 33. Kf3 Ke6 34. Ke2 Kf5 35. Kf3 a5 36. Bd6 Bd8 37. Bg3 b5 38. Bh2 a4 39. Bd6 Ke6 40. Bc5 g5 41. Kg4 f5+ 42. Kf3 Bc7 43. Ke2 g4 44. Bf8 Nf4+ 45. Nxf4+ Bxf4 46. Bc5 Kd5 47. Kf1 Kc4 0-1

[Event "Titled Tuesday intern op 18th Mar Late"]
[Site "Chess.com INT"]
[Date "2025.03.18"]
[Round "4"]
[White "Sheehan, Ethan"]
[Black "Postny, Evgeny"]
[Result "1/2-1/2"]
[WhiteElo "2363"]
[BlackElo "2538"]
[PlyCount "184"]
[EventDate "2025.03.18"]
[EventType "swiss (blitz)"]
[EventRounds "11"]
[EventCountry "USA"]
[SourceTitle "CB13_2025"]
[SourceDate "2025.03.26"]
[SourceVersion "1"]
[SourceVersionDate "2025.03.26"]
[SourceQuality "1"]

1. d4 Nf6 2. Nf3 d5 3. Bf4 c6 4. Nbd2 Bg4 5. e3 e6 6. c4 Nbd7 7. Qb3 Qc8 8. Rc1 Be7 9. Bd3 0-0 10. 0-0 Re8 11. h3 Bh5 12. Qc2 Bd8 13. Ne5 Bc7 14. Nxd7 Qxd7 15. Bxc7 Qxc7 16. f4 Bg6 17. Bxg6 hxg6 18. c5 b6 19. cxb6 Qxb6 20. Nb3 Ne4 21. Qxc6 Qb4 22. Rc2 a5 23. Nc1 Rac8 24. Qxc8 Rxc8 25. Rxc8+ Kh7 26. Rc2 Qa4 27. b3 Qb5 28. Rd1 a4 29. bxa4 Qxa4 30. Nb3 Qb4 31. Nc5 Qa3 32. Nxe4 dxe4 33. Kf2 g5 34. fxg5 Kg6 35. Rb1 Qd3 36. Rbb2 Kxg5 37. a4 f5 38. a5 Kh4 39. Ra2 f4 40. exf4 Qxd4+ 41. Ke1 Qg1+ 42. Kd2 Qd4+ 43. Kc1 Qg1+ 44. Kb2 Qd4+ 45. Kb3 Qd3+ 46. Kb4 Qd4+ 47. Kb5 Qd5+ 48. Kb6 Qd6+ 49. Kb7 Qd7+ 50. Kb6 Qd6+ 51. Kb5 Qd5+ 52. Ka4 Qd4+ 53. Kb3 Qd3+ 54. Kb2 Qd4+ 55. Rc3 e3 56. Kb3 Qd5+ 57. Rc4 e2 58. Rxe2 Qd3+ 59. Kb4 Qxe2 60. f5+ Kg3 61. fxe6 Qxe6 62. Rg4+ Kf2 63. Kb5 Qd5+ 64. Kb6 Qd6+ 65. Kb5 Qd5+ 66. Ka4 Qe5 67. a6 Qe8+ 68. Ka5 Qd8+ 69. Kb5 Qd7+ 70. Kb6 Qd6+ 71. Kb7 Qd7+ 72. Kb6 Qd8+ 73. Kc6 Qa8+ 74. Kb5 Ke3 75. Rg6 Qd5+ 76. Kb6 Qd8+ 77. Kb7 Qd7+ 78. Kb6 Qd4+ 79. Kb7 Qd7+ 80. Kb6 Qd8+ 81. Kb5 Qe8+ 82. Rc6 Kd4 83. Kb6 Kd5 84. Rc7 Qd8 85. Kb7 Kd6 86. Rc6+ Kd5 87. a7 Qd7+ 88. Rc7 Qb5+ 89. Ka8 Qe8+ 90. Kb7 Qb5+ 91. Kc8 Qe8+ 92. Kb7 Qb5+ 1/2-1/2

[Event "Titled Tuesday intern op 18th Mar Late"]
[Site "Chess.com INT"]
[Date "2025.03.18"]
[Round "7"]
[White "Sheehan, Ethan"]
[Black "Titus, Andrew L"]
[Result "1-0"]
[WhiteElo "2363"]
[BlackElo "2162"]
[PlyCount "117"]
[EventDate "2025.03.18"]
[EventType "swiss (blitz)"]
[EventRounds "11"]
[EventCountry "USA"]
[SourceTitle "CB13_2025"]
[SourceDate "2025.03.26"]
[SourceVersion "1"]
[SourceVersionDate "2025.03.26"]
[SourceQuality "1"]

1. d4 d5 2. Nf3 Nf6 3. c4 e6 4. Nc3 Be7 5. cxd5 exd5 6. Bg5 c6 7. e3 Nbd7 8. Bd3 Nf8 9. 0-0 Ne6 10. Bh4 g6 11. Qc2 Ng7 12. Bxf6 Bxf6 13. b4 a6 14. a4 0-0 15. b5 axb5 16. axb5 Rxa1 17. Rxa1 Bf5 18. bxc6 bxc6 19. Ra6 Bxd3 20. Qxd3 Qc7 21. Nxd5 cxd5 22. Rxf6 Ne6 23. Ne5 Kg7 24. Rxe6 fxe6 25. g3 Ra8 26. Qb3 Ra1+ 27. Kg2 Qc1 28. Qb7+ Kh6 29. Kh3 Qf1+ 30. Kg4 Qxf2 31. Nf7+ Kg7 32. Ng5+ Kf8 33. Qc8+ Ke7 34. Qxe6+ Kf8 35. Qd6+ Ke8 36. Qc6+ Ke7 37. Qc7+ Ke8 38. Qe5+ Kf8 39. Nxh7+ Kf7 40. Ng5+ Kf8 41. Qxd5 Qe2+ 42. Qf3+ Qxf3+ 43. Nxf3 Kf7 44. e4 Kf6 45. Kf4 Ra2 46. h4 Ra4 47. d5 Ra3 48. e5+ Kg7 49. Nd4 Ra4 50. Ke4 Kf7 51. d6 Ra1 52. e6+ Kf6 53. d7 Ra8 54. Nc6 Kxe6 55. d8Q Rxd8 56. Nxd8+ Kf6 57. Kf4 g5+ 58. hxg5+ Kg6 59. Kg4 1-0

[Event "Titled Tuesday intern op 11th Feb Early"]
[Site "Chess.com INT"]
[Date "2025.02.11"]
[Round "2"]
[White "Sheehan, Ethan"]
[Black "Bizhigitov, Zhangir"]
[Result "0-1"]
[WhiteElo "2363"]
[BlackElo "2276"]
[PlyCount "96"]
[EventDate "2025.02.11"]
[EventType "swiss (blitz)"]
[EventRounds "11"]
[EventCountry "USA"]
[SourceTitle "CB09_2025"]
[SourceDate "2025.02.27"]
[SourceVersion "1"]
[SourceVersionDate "2025.02.27"]
[SourceQuality "1"]

1. d4 Nf6 2. Nf3 e6 3. Bf4 d5 4. e3 c5 5. Nbd2 Bd6 6. dxc5 Bxc5 7. c4 0-0 8. Rc1 Bb6 9. Bd3 Nc6 10. 0-0 h6 11. a3 Re8 12. Bg3 e5 13. cxd5 Qxd5 14. Bc4 Qd8 15. Qb3 Qe7 16. Bb5 e4 17. Bxc6 bxc6 18. Ne5 c5 19. Rfd1 Bf5 20. Ndc4 Bc7 21. Nc6 Qe6 22. Bxc7 Qxc6 23. Bg3 Be6 24. Rd6 Qc8 25. Qc2 Qb7 26. Rd2 Qa6 27. Nd6 Red8 28. Qxc5 Rac8 29. Nxc8 Rxd2 30. h3 Rxb2 31. Nxa7 Ra2 32. Bd6 Kh7 33. Nc6 Qe2 34. Bg3 Qb2 35. Nd4 Bd5 36. Rc2 Qa1+ 37. Kh2 Rxa3 38. Nf5 Ra5 39. Qf8 Nh5 40. Ne7 Ra8 41. Qxa8 Qxa8 42. Nf5 Nxg3 43. Nxg3 Be6 44. Rd2 f5 45. Rd4 g6 46. Ne2 Bf7 47. Nf4 Qe8 48. Rd6 g5 0-1

[Event "Titled Tuesday intern op 11th Feb Early"]
[Site "Chess.com INT"]
[Date "2025.02.11"]
[Round "4"]
[White "Sheehan, Ethan"]
[Black "Bulmaga, Irina"]
[Result "1-0"]
[WhiteElo "2363"]
[BlackElo "2386"]
[PlyCount "39"]
[EventDate "2025.02.11"]
[EventType "swiss (blitz)"]
[EventRounds "11"]
[EventCountry "USA"]
[SourceTitle "CB09_2025"]
[SourceDate "2025.02.27"]
[SourceVersion "1"]
[SourceVersionDate "2025.02.27"]
[SourceQuality "1"]

1. d4 Nf6 2. Nf3 e6 3. Bf4 b6 4. Nbd2 Bb7 5. e3 g6 6. Bd3 Bg7 7. h3 d6 8. e4 Nbd7 9. 0-0 0-0 10. Qe2 e5 11. dxe5 dxe5 12. Bh2 Nh5 13. Nc4 Qe7 14. Rad1 a5 15. Ne3 Ndf6 16. Bxe5 Nxe4 17. Bxe4 Bxe4 18. Bxg7 Nxg7 19. Nd5 Qe6 20. Qxe4 1-0

[Event "Titled Tuesday intern op 04th Feb Late"]
[Site "Chess.com INT"]
[Date "2025.02.04"]
[Round "5"]
[White "Bjerre, Jonas Buhl"]
[Black "Sheehan, Ethan"]
[Result "1/2-1/2"]
[WhiteElo "2640"]
[BlackElo "2363"]
[PlyCount "103"]
[EventDate "2025.02.04"]
[EventType "swiss (blitz)"]
[EventRounds "11"]
[EventCountry "USA"]
[SourceTitle "CB07_2025"]
[SourceDate "2025.02.12"]
[SourceVersion "1"]
[SourceVersionDate "2025.02.12"]
[SourceQuality "1"]

1. e4 e5 2. Nf3 Nc6 3. Bb5 a6 4. Ba4 d6 5. 0-0 Bd7 6. Re1 Nf6 7. c4 Be7 8. Nc3 Bg4 9. h3 Bxf3 10. Qxf3 0-0 11. Bxc6 bxc6 12. d3 Nd7 13. Be3 Rb8 14. Rab1 Bg5 15. b4 Re8 16. a4 Nf8 17. Bxg5 Qxg5 18. Qe3 Ne6 19. Qxg5 Nxg5 20. b5 axb5 21. cxb5 cxb5 22. Nxb5 Ne6 23. Rec1 Rb7 24. a5 Ra8 25. a6 Rxa6 26. Nxc7 Rab6 27. Rxb6 Rxb6 28. Nd5 Rb8 29. Rc6 Rd8 30. g3 Kf8 31. Kg2 f5 32. Rb6 fxe4 33. dxe4 Nc5 34. Kf3 g6 35. Rc6 Rd7 36. Ke3 Ra7 37. Rc8+ Kf7 38. Rc7+ Rxc7 39. Nxc7 Ne6 40. Nxe6 Kxe6 41. Kd3 d5 42. exd5+ Kxd5 43. Ke3 h6 44. f3 g5 45. Kd3 h5 46. Ke3 h4 47. g4 Kd6 48. Ke4 Ke6 49. Kd3 Kd5 50. Ke3 Kd6 51. Kd3 Kd5 52. Ke3 1/2-1/2

[Event "Titled Tuesday intern op 04th Feb Late"]
[Site "Chess.com INT"]
[Date "2025.02.04"]
[Round "6"]
[White "Sheehan, Ethan"]
[Black "Szpar, Milosz"]
[Result "1-0"]
[WhiteElo "2363"]
[BlackElo "2462"]
[PlyCount "89"]
[EventDate "2025.02.04"]
[EventType "swiss (blitz)"]
[EventRounds "11"]
[EventCountry "USA"]
[SourceTitle "CB07_2025"]
[SourceDate "2025.02.12"]
[SourceVersion "1"]
[SourceVersionDate "2025.02.12"]
[SourceQuality "1"]

1. d4 d5 2. c4 e6 3. Nc3 c6 4. e3 Bd6 5. Nf3 f5 6. Ne5 Qf6 7. f4 Nh6 8. Be2 Nf7 9. 0-0 0-0 10. Bd2 Nd7 11. Be1 Qh6 12. Rc1 g5 13. Bg3 g4 14. Bd3 Nf6 15. Qe1 Bb4 16. a3 Ba5 17. Bh4 Nd6 18. b4 Bd8 19. Bg5 Qh5 20. c5 Nde8 21. Qh4 Qxh4 22. Bxh4 a6 23. a4 Nc7 24. Ra1 Nd7 25. Bxd8 Rxd8 26. b5 Nxe5 27. fxe5 Bd7 28. bxa6 Nxa6 29. Rfb1 Ra7 30. Rb6 Rda8 31. Bxa6 bxa6 32. a5 Kf7 33. Rab1 Ke7 34. Ne2 Kd8 35. Nf4 Kc7 36. Kf2 Rh8 37. Rh1 Rg8 38. g3 Rb7 39. h3 gxh3 40. Rxh3 Rg7 41. Rh6 Rxb6 42. cxb6+ Kb7 43. Nxe6 Bxe6 44. Rxe6 Rf7 45. Rf6 1-0

[Event "Titled Tuesday intern op 04th Feb Late"]
[Site "Chess.com INT"]
[Date "2025.02.04"]
[Round "10"]
[White "Urazayev, Arystanbek"]
[Black "Sheehan, Ethan"]
[Result "1-0"]
[WhiteElo "2467"]
[BlackElo "2363"]
[PlyCount "73"]
[EventDate "2025.02.04"]
[EventType "swiss (blitz)"]
[EventRounds "11"]
[EventCountry "USA"]
[SourceTitle "CB07_2025"]
[SourceDate "2025.02.12"]
[SourceVersion "1"]
[SourceVersionDate "2025.02.12"]
[SourceQuality "1"]

1. e4 e5 2. Nf3 Nc6 3. Bc4 Nf6 4. d3 Bc5 5. Nc3 d6 6. Na4 Bb6 7. a3 Be6 8. Bxe6 fxe6 9. b4 0-0 10. c3 Nh5 11. 0-0 Nf4 12. Ra2 Qe8 13. g3 Ng6 14. Kg2 Nce7 15. h4 Nh8 16. Nxb6 axb6 17. a4 Qh5 18. Ng5 Qxd1 19. Rxd1 Rf6 20. Be3 Nf7 21. Nf3 Nc6 22. b5 Na5 23. d4 exd4 24. cxd4 Nc4 25. Bg5 Nxg5 26. hxg5 Rf7 27. d5 exd5 28. exd5 Raf8 29. Rd3 Ra8 30. Rc3 Na5 31. Nd4 Re8 32. Ne6 Ree7 33. Rac2 Rf5 34. Rxc7 Rxc7 35. Rxc7 Rxd5 36. Rxg7+ Kh8 37. Rf7 1-0

[Event "US Masters op"]
[Site "Charlotte"]
[Date "2024.11.28"]
[Round "2"]
[White "Brodsky, David"]
[Black "Sheehan, Ethan"]
[Result "0-1"]
[WhiteElo "2538"]
[BlackElo "2331"]
[PlyCount "132"]
[EventDate "2024.11.27"]
[EventType "swiss"]
[EventRounds "9"]
[EventCountry "USA"]
[SourceTitle "CB49_2024"]
[SourceDate "2024.12.04"]
[SourceVersion "1"]
[SourceVersionDate "2024.12.04"]
[SourceQuality "1"]

1. e4 e5 2. Nf3 Nc6 3. Bb5 a6 4. Ba4 d6 5. 0-0 Bd7 6. c4 Bg4 7. d4 Bxf3 8. Qxf3 exd4 9. e5 Qd7 10. Re1 0-0-0 11. exd6 Bxd6 12. Nd2 Nf6 13. Nb3 Rhe8 14. Bd2 Rxe1+ 15. Bxe1 Qe6 16. Bxc6 bxc6 17. c5 Be5 18. Qd3 Rd5 19. Bb4 Kd7 20. Re1 Qg4 21. g3 Qh3 22. Nd2 Ng4 23. Nf3 Bf6 24. Qe2 Ne5 25. Nd2 d3 26. Qe4 Kc8 27. Bc3 Ng4 28. Qg2 Qxg2+ 29. Kxg2 Bxc3 30. bxc3 Rxc5 31. h3 Nf6 32. c4 Ra5 33. Ra1 Re5 34. Rd1 Re2 35. a3 c5 36. Kf3 Nd7 37. Ne4 Ne5+ 38. Kf4 f6 39. f3 Ra2 40. Nxc5 Rxa3 41. Ke4 d2 42. Rxd2 Rxf3 43. Ra2 Rxg3 44. Rxa6 Kb8 45. Ra4 Rxh3 46. Rb4+ Kc8 47. Ra4 Nd7 48. Ra8+ Nb8 49. Ne6 Kb7 50. Ra1 g6 51. Nf8 Rh5 52. Rf1 Re5+ 53. Kd3 Re7 54. Rh1 Nd7 55. Nxh7 Kc6 56. Kd4 Kd6 57. c5+ Ke6 58. c6 Ne5 59. Kc5 Rf7 60. Rh2 g5 61. Rh6 Kf5 62. Kd5 Ng4 63. Rh1 Kg6 64. Nxg5 fxg5 65. Rg1 Nf6+ 66. Ke6 Rf8 0-1

[Event "Titled Tuesday intern op 26th Nov Late"]
[Site "Chess.com INT"]
[Date "2024.11.26"]
[Round "2"]
[White "Sheehan, Ethan"]
[Black "Gubajdullin, Alexey"]
[Result "1-0"]
[WhiteElo "2331"]
[BlackElo "2238"]
[PlyCount "117"]
[EventDate "2024.11.26"]
[EventType "swiss (blitz)"]
[EventRounds "11"]
[EventCountry "USA"]
[SourceTitle "CB49_2024"]
[SourceDate "2024.12.04"]
[SourceVersion "1"]
[SourceVersionDate "2024.12.04"]
[SourceQuality "1"]

1. d4 Nf6 2. Nf3 g6 3. c4 Bg7 4. Nc3 0-0 5. e4 d6 6. Be2 Na6 7. 0-0 e5 8. Re1 c6 9. Bg5 h6 10. Bh4 Qc7 11. c5 Ng4 12. Bxa6 exd4 13. cxd6 Qxd6 14. Bf1 Qb4 15. Ne2 Qxb2 16. Nf4 d3 17. Rb1 Qxa2 18. Nxd3 b6 19. h3 Nf6 20. Nb4 Qe6 21. Nd4 Qe8 22. Nbxc6 Bb7 23. e5 Nd5 24. Rc1 g5 25. Bg3 Rc8 26. Nxa7 Rxc1 27. Qxc1 Qa4 28. Nab5 Rc8 29. Qa1 Qb4 30. Nf5 Bf8 31. Nbd6 Ra8 32. Qb1 Bc6 33. Qxb4 Nxb4 34. Bc4 Bd5 35. Rb1 Bxc4 36. Nxc4 Nd5 37. Nfe3 Nc3 38. Rxb6 Ra1+ 39. Kh2 Ne4 40. e6 Nxg3 41. exf7+ Kxf7 42. Kxg3 h5 43. Kf3 Rc1 44. Ne5+ Kg7 45. Nf5+ Kg8 46. Rb8 Rc3+ 47. Ke4 Rc2 48. Nd7 Rxf2 49. Rxf8+ Kh7 50. g4 hxg4 51. hxg4 Rf4+ 52. Ke5 Rxg4 53. Nf6+ Kg6 54. Nxg4 Kh5 55. Nf6+ Kg6 56. Rg8+ Kf7 57. Rg7+ Kf8 58. Ke6 g4 59. Rf7# 1-0

[Event "Titled Tuesday intern op 26th Nov Late"]
[Site "Chess.com INT"]
[Date "2024.11.26"]
[Round "9"]
[White "Sheehan, Ethan"]
[Black "Liang, Awonder"]
[Result "0-1"]
[WhiteElo "2331"]
[BlackElo "2687"]
[PlyCount "108"]
[EventDate "2024.11.26"]
[EventType "swiss (blitz)"]
[EventRounds "11"]
[EventCountry "USA"]
[SourceTitle "CB49_2024"]
[SourceDate "2024.12.04"]
[SourceVersion "1"]
[SourceVersionDate "2024.12.04"]
[SourceQuality "1"]

1. d4 b6 2. e4 Bb7 3. Bd3 e6 4. Nf3 g6 5. h4 h6 6. Nc3 d6 7. d5 e5 8. h5 g5 9. Nh2 a6 10. Ng4 Nd7 11. Ne3 Ne7 12. Be2 Bg7 13. Bg4 0-0 14. Qe2 Nf6 15. Bd2 Nxg4 16. Qxg4 Bc8 17. Qe2 f5 18. exf5 Nxf5 19. Nxf5 Bxf5 20. Ne4 Qd7 21. f3 Rf7 22. 0-0-0 a5 23. Kb1 a4 24. a3 Kh8 25. Be3 Raf8 26. Rdf1 Bh7 27. Rf2 g4 28. Rhf1 Qe8 29. Bc1 gxf3 30. Rxf3 Rxf3 31. Rxf3 Rxf3 32. Qxf3 Qf8 33. Be3 Qxf3 34. gxf3 Bg8 35. c4 Bf7 36. Ng3 Kh7 37. Kc2 Bf6 38. Kd3 Bh4 39. Nf5 Bg5 40. Bxg5 hxg5 41. Ng3 Kh6 42. Kc3 Bxh5 43. Kb4 Bxf3 44. Kxa4 g4 45. Kb5 Kg5 46. Kc6 Kf4 47. Nh5+ Kg5 48. Ng3 e4 49. Kxc7 e3 50. Kxb6 e2 51. Nxe2 Bxe2 52. c5 g3 53. cxd6 Bg4 54. d7 Bxd7 0-1

[Event "Titled Tuesday intern op 03rd Sep Late"]
[Site "Chess.com INT"]
[Date "2024.09.03"]
[Round "2"]
[White "Diao, Matthew Guo"]
[Black "Sheehan, Ethan"]
[Result "1-0"]
[WhiteElo "2097"]
[BlackElo "2331"]
[PlyCount "197"]
[EventDate "2024.09.03"]
[EventType "swiss (blitz)"]
[EventRounds "11"]
[EventCountry "USA"]
[SourceTitle "EXT 2025"]
[Source "ChessBase"]
[SourceDate "2024.10.14"]
[SourceVersion "1"]
[SourceVersionDate "2024.10.14"]
[SourceQuality "1"]

1. d4 d5 2. c4 e6 3. Nc3 a6 4. cxd5 exd5 5. Nf3 Nf6 6. Bg5 Be6 7. Bxf6 Qxf6 8. Qb3 Ra7 9. a3 Qd8 10. e3 Bd6 11. Bd3 0-0 12. 0-0 Nd7 13. h3 h6 14. Qc2 Nf6 15. Ne5 c5 16. Nf3 c4 17. Bf5 Bxf5 18. Qxf5 b5 19. Kh1 Qc8 20. Qc2 Re8 21. Nd2 Rae7 22. Rfe1 Bb8 23. Nf1 Qd7 24. Rad1 a5 25. b4 axb4 26. axb4 Ne4 27. Nxe4 Rxe4 28. f3 R4e7 29. e4 dxe4 30. fxe4 Qd6 31. e5 Qxb4 32. Rb1 Qa5 33. Ne3 Re6 34. Nd5 Qa7 35. Nf4 Ra6 36. Qe4 Ra5 37. e6 fxe6 38. Nxe6 Qd7 39. d5 Qd6 40. Kg1 Qh2+ 41. Kf1 Ra2 42. Re2 Rxe2 43. Kxe2 c3 44. Qg4 Qe5+ 45. Kf1 c2 46. Rc1 Rxe6 47. Qxe6+ Qxe6 48. dxe6 Kf8 49. Rxc2 Ke7 50. Rb2 Kxe6 51. Rxb5 Be5 52. Rb7 Bf6 53. g4 Ke5 54. Kg2 Kf4 55. Rb4+ Kg5 56. Kf3 Kh4 57. Kg2 Kg5 58. Rb5+ Kg6 59. Rf5 Kf7 60. Kf3 Ke6 61. Kf4 g6 62. Rb5 Kf7 63. Rb7+ Ke6 64. Rb6+ Kf7 65. Kg3 Be5+ 66. Kf3 Bd4 67. Rb7+ Ke6 68. h4 Bf6 69. Rb6+ Kf7 70. h5 gxh5 71. gxh5 Bg5 72. Kg4 Kg7 73. Rg6+ Kf7 74. Ra6 Kg7 75. Kf5 Kf7 76. Ra7+ Kf8 77. Kg6 Be3 78. Ra8+ Ke7 79. Rh8 Bd2 80. Rh7+ Ke6 81. Rh8 Bg5 82. Re8+ Kd7 83. Re2 Kd6 84. Rg2 Bc1 85. Kh7 Ke7 86. Rf2 Bg5 87. Kg7 Bc1 88. Rf7+ Ke6 89. Rf6+ Ke7 90. Rc6 Bg5 91. Ra6 Be3 92. Rg6 Bc1 93. Rg2 Bf4 94. Rg4 Bc1 95. Rg1 Bf4 96. Kg6 Bd2 97. Rg2 Bf4 98. Re2+ Kf8 99. Rf2 1-0